[Event "Corus A"]
[Site "Wijk aan Zee NED"]
[Date "2008.01.14"]
[Round "3"]
[White "Radjabov, T."]
[Black "Van Wely, L."]
[Result "1/2-1/2"]
[WhiteElo "2735"]
[BlackElo "2681"]
[PlyCount "170"]
[EventDate "2008.01.12"]

1. d4 d5 2. c4 c6 3. Nc3 Nf6 4. Nf3 e6 5. Bg5 h6 6. Bh4 dxc4 7. e4 g5 8. Bg3 b5
9. Be2 Bb7 10. O-O Nbd7 11. Ne5 Bg7 12. Nxd7 Nxd7 13. Bd6 a6 14. Bh5 Bf8 15.
Bxf8 Rxf8 16. d5 cxd5 17. exd5 Nf6 18. dxe6 Qxd1 19. Bxf7+ Ke7 20. Raxd1 Rfd8
21. Ne2 Be4 22. f4 b4 23. fxg5 hxg5 24. Ng3 Rxd1 25. Rxd1 Bh7 26. Nh5 c3 27.
Nxf6 Kxf6 28. bxc3 bxc3 29. Rc1 c2 30. Kf2 Rd8 31. Ke2 Rd4 32. h3 Be4 33. Bh5
Kxe6 34. g3 Ke5 35. h4 gxh4 36. gxh4 Rd5 37. Bf3 Rd1 38. Bxe4 Rxc1 39. Kd2 Rg1
40. Bxc2 Kd4 41. Bd3 a5 42. a4 Rh1 43. Bb5 Rh2+ 44. Kd1 Ke3 45. Kc1 Rxh4 46.
Kc2 Rh7 47. Ba6 Rc7+ 48. Kd1 Rc6 49. Bb5 Rc3 50. Ba6 Ra3 51. Bb5 Ra2 52. Kc1
Kd4 53. Kd1 Kc3 54. Ke1 Rd2 55. Ba6 Rd4 56. Bb5 Kc2 57. Ke2 Re4+ 58. Kf3 Re7
59. Kf2 Kc3 60. Kf3 Kd4 61. Ba6 Re3+ 62. Kf2 Ke4 63. Bb5 Kf4 64. Ba6 Re4 65.
Bb5 Re6 66. Bc4 Re4 67. Bb5 Rd4 68. Ke2 Rd6 69. Bd3 Rh6 70. Bb5 Ke4 71. Bd3+
Kd4 72. Bb5 Rh2+ 73. Kf3 Ra2 74. Bd7 Ra3+ 75. Kf2 Kd3 76. Kf3 Kd2+ 77. Kf4 Re3
78. Bb5 Re7 79. Kf3 Kc3 80. Ba6 Kd4 81. Bb5 Re6 82. Kf2 Re5 83. Kf3 Kc5 84. Kf2
Kb6 85. Bd3 Kc5 1/2-1/2